000 01138nam0a2200289 i 4500
001 RU\NLR\BIBL_A\011213203
005 20240921182047.0
010 _a9785750702008
_9500
035 _a(NLR Aleph) 011213203
090 _a11984153
_c11984153
100 _a20160916d2011 k y0rusy50 ca
101 0 _arus
102 _aRU
105 _ay z 000yy
200 1 _aМиф, сказка и обряд в русской литературе XIX века
_fМ.Ч. Ларионова
210 _aРостов-на-Дону
_cИзд-во Ростовского университета
_d2011
215 _a253, [2] с.
_d21
320 _aБиблиогр.: с. 228-254 (389 назв.)
606 1 _aРусская литература
_xи фольклор
_z19 в.
_91461888
_3RU\NLR\AUTH\66310808
606 1 _aРусский фольклор и литература
_91087297
_3RU\NLR\AUTH\66106988
686 1 _aШ5(2=Р)5-312
686 1 _aШ3(2=1Р)-316
700 1 _aЛарионова
_bМ.Ч.
_gМарина Ченгаровна
942 _cBOOK
980 _aNBR